LEADER 01232nam a2200265 u 4500 001 000000118068 003 CaOOAMICUS 005 20091118115732.0 008 091118s1978 it d u000 u ita r 040 $aPUL$bita$dMCT 245 00$aLotte operaie e sindacato :$bil ciclo 1968-1972 in Italia /$cdi Alessandro Pizzorno, ... [et al.]. 260 $aBologna :$bSocietà editrice il Mulino,$cc1978. 300 $a304 p. :$bgrafici ;$c22 cm 490 1 $aStudi e ricerche ;$v36 500 $aInclude appendici. 504 $aInclude riferimenti bibliografici. 650 4$aMovimento operaio$zItalia$ySec. XX.$0(OLS)http://pul/subject/2517 650 4$aSindacati$zItalia$ySec. XX.$0(OLS)http://pul/subject/2515 700 1 $aPizzorno, Alessandro.$0(OLS)http://pul/name/31788 830 0$aStudi e ricerche (Il Mulino) ;$v36.$0(OLS)http://pul/title/1250 850 $aPUL 852 $aPUL$W1$xDP1 Cons. Gen., Altre Classi 1$y22$m843 I 73$j135516$qStampati$B134488$CPULBib$Z2$F134488 $H63193 $82 941 1 $a8 996 $6245$aLotte operaie e sindacato :$bil ciclo 1968-1972 in Italia$9(OLS)http://pul/title/148621 996 $6260$aBologna :$bSocietà editrice il Mulino$9(OLS)http://pul/publisher/53095 LEADER 01525nam a2200325 a 4500 001 000000136513 003 CaOOAMICUS 005 20131129101414.0 008 131129s2006 inu u000 u eng r 020 $z1587311275* 040 $aPUL$bita 082 04$a227 100 0 $aThomas Aquinas,$cs.,$dc. 1225-1274.$0(OLS)http://pul/name/3373 240 10$aS. Thomae Aquinatis Doctoris Angelici Super Epistolam ad Hebraeos Lectura.$lInglese.$0(OLS)http://pul/title/172758 245 10$aCommentary on the Epistle to the Hebrews /$cThomas Aquinas ; translated by Chrysostom Baer ; preface by Ralph McInerny. 260 $aSouth Bend :$bSt. Augustine's Press,$c2006. 300 $axvi, 334 p. ;$c22 cm 504 $aInclude riferimenti bibliografici e indici. 630 04$aBiblia.$pN.T.$pEpistolae catholicae$xCommenti.$0(OLS)http://pul/subject/2799 700 1 $aBaer, Chrysostom.$0(OLS)http://pul/name/87931 700 1 $aMcInerny, Ralph $b1929-2010.$0(OLS)http://pul/name/38372 850 $aPUL 852 $aPUL$W1$xSL Religione 3$y85$m227 TOMAQ 2$j157252$qDDC 21$B156708$CPULBib$Z2$F156708 $H123241 $82 900 $aTommaso d'Aquino,$cs.,$dc.1225-1274$93373 941 1 $a9 996 $6020$z1587311275*$9(OLS)http://pul/number/154040 996 $6082$a227$9(OLS)http://pul/classification/522 996 $6245$aCommentary on the Epistle to the Hebrews$9(OLS)http://pul/title/172759 996 $6260$aSouth Bend :$bSt. Augustine's Press$9(OLS)http://pul/publisher/75501